000 00692nam a2200229Ia 4500
003 OSt
005 20220918203234.0
006 a|||||r|||| 00| 0
007 ta
008 220917b |||||||| |||| 00| 0 eng d
024 _a106,953
037 _cTextual
040 _aARTS
_cARTS
_beng
041 _2eng
_aeng
082 _aV3:912:N7, M1
100 _aHimmelweit Hidde T, Etc
_9107500
245 0 _aHow voters decide
_b a logitudinal study of political attitudes and voting extending over fifteen years
260 _aLondon
_bAcademic Press UK
_c1981
650 _aHISTORY
942 _hV3:912:N7, M1
_cTEXL
_2CC
999 _c230311
_d230311